| 000 | 00611nam a2200181 i 4500 | ||
|---|---|---|---|
| 001 | 21389 | ||
| 003 | ES-MaACL | ||
| 007 | t| | ||
| 008 | 021125s1987 sp ||||1| spa d | ||
| 020 | _a84-300-9725-2 | ||
| 245 | 0 | 3 |
_aLa agricultura gallega en 1986 _b: [estudio económico] / _c[dirigido por Gonzalo Fernández]. |
| 260 |
_aOrense : _bCaja Rural Provincial, Servicio de Estudios, _c[1987] |
||
| 300 |
_a727 p. ; _c21 cm. |
||
| 500 | _aIndices. | ||
| 700 | 1 |
_aFernández, Gonzalo. _949369 |
|
| 710 | 2 |
_aCaja Rural Provincial de Orense. _bServicio de Estudios. _92344 |
|
| 852 |
_aES-MaACL _jG-10840 _bR.114256 |
||
| 999 |
_c21389 _d21389 |
||